| 000 | 00421pab a2200145 454500 | ||
|---|---|---|---|
| 008 | 180718b1988 xxu||||| |||| 00| 0 eng d | ||
| 100 | _aEl - Erian, Mohamed | ||
| 245 |
_aCurrency substitution in Egypt and the Yeman Arab Republic _bA comparative quantitative analysis |
||
| 260 | _c1988 | ||
| 300 | _a85-103 | ||
| 362 | _aMar. | ||
| 650 | _aMoney | ||
| 773 | _aInternational Monetary Fund Staff Papers | ||
| 909 | _a14154 | ||
| 999 |
_c14154 _d14154 |
||